Liturgia horarum iuxta Ritum Romanum: Officium divinum ex Decreto S. Oec. Conc. Vat. II instauratum, auctoritate Pauli PP. VI promulgatum (Record n. 344994)
[ formato base ]
| 000 -LEADER | |
|---|---|
| fixed length control field | 01182nam a2200241Ia 4500 |
| 001 - CONTROL NUMBER | |
| control field | 265.04-LIT ho (1227) |
| 003 - CONTROL NUMBER IDENTIFIER | |
| control field | IT-MiSPE |
| 008 - FIXED-LENGTH DATA ELEMENTS--GENERAL INFORMATION | |
| fixed length control field | 171229s9999||||xx |||||||||||||| ||und|| |
| 040 ## - CATALOGING SOURCE | |
| Original cataloging agency | IT-MiSPE |
| Transcribing agency | IT-MiSPE |
| 041 ## - LANGUAGE CODE | |
| Language code of text/sound track or separate title | LATINO |
| 999 ## - SYSTEM CONTROL NUMBERS (KOHA) | |
| Koha Dewey Subclass [OBSOLETE] | NO |
| 100 ## - MAIN ENTRY--PERSONAL NAME | |
| Personal name | AA.VV. |
| 245 #0 - TITLE STATEMENT | |
| Title | Liturgia horarum iuxta Ritum Romanum: Officium divinum ex Decreto S. Oec. Conc. Vat. II instauratum, auctoritate Pauli PP. VI promulgatum |
| Remainder of title | I. Tempus Adventus; Tempus Nativitatis: Editio typica |
| 250 ## - EDITION STATEMENT | |
| Edition statement | 1a ed. (v) |
| 260 ## - PUBLICATION, DISTRIBUTION, ETC. (IMPRINT) | |
| Place of publication, distribution, etc. | Città del Vaticano |
| Name of publisher, distributor, etc. | Typis Pol. Vat. |
| Date of publication, distribution, etc. | 1972 |
| 300 ## - PHYSICAL DESCRIPTION | |
| Extent | 1300 p. [4 v.] |
| Dimensions | 17 cm |
| 490 ## - SERIES STATEMENT | |
| Volume/sequential designation | 1° |
| 500 ## - GENERAL NOTE | |
| General note | Ufficio divino |
| 501 ## - WITH NOTE | |
| With note | Edizioni San Paolo srl - Piazza Soncino, 5 - 20092 CINISELLO BALSAMO (MI) (non commercial uses only) ® Copyright 2018 |
| 520 ## - SUMMARY, ETC. | |
| Summary, etc. | Sacra Congregatio pro Cultu divino |
| 942 ## - ADDED ENTRY ELEMENTS (KOHA) | |
| Koha item type | LIBRO |
| 957 ## - | |
| -- | 1 |
| 999 ## - SYSTEM CONTROL NUMBERS (KOHA) | |
| -- | Copie: 1 |
| Withdrawn status | Lost status | Damaged status | Not for loan | Home library | Current library | Date acquired | Total Checkouts | Full call number | Date last seen | Price effective from | Koha item type | Public note |
|---|---|---|---|---|---|---|---|---|---|---|---|---|
| Buone Condizioni | Not For Loan | CINISELLO | CINISELLO | 30/12/2017 | 265.04-LIT ho (1227) | 30/12/2017 | 30/12/2017 | LIBRO | (data import: 20 dicembre 2017) - By Epidotti, Vaglietti. |